Harry Potter Creatures - Sudden Death - Statistics

General Stats
  • This quiz has been taken 142 times
    140 since last reset
  • The average score is 9 of 21
Answers on the Grid
Answers color-coded by a green-red scale on the quiz's grid according to % correct below.
Cockatrice
Acromantula
Hydra
Selkie
Phoenix
Centaur
Ghoul
Three-headed dog
Vampires
Flobberworm
Zouwu
Red Cap
Dragon
Unicorn
Minotaur
Werewolf
Basilisk
Kneazle
Sphinx
Amarok
Pygmy Puff
Hinkypunk
Caladrius
Thestrals
Blast-Ended Skrewt
Gorgon
Grindylow
Goblin
Wampum Bird
Fire Crab
 
Answer Stats
Answer % Correct
Phoenix
82%
Acromantula
65%
Three-headed dog
63%
Centaur
61%
Basilisk
57%
Unicorn
54%
Dragon
52%
Werewolf
52%
Flobberworm
44%
Goblin
44%
Thestrals
43%
Grindylow
38%
Pygmy Puff
36%
Blast-Ended Skrewt
27%
Ghoul
24%
Kneazle
24%
Sphinx
23%
Hinkypunk
20%
Red Cap
20%
Fire Crab
18%
Selkie
12%
No matching quizzes found
Score Distribution
Percent of People with Each Score
Percentile by Number Answered
Your Score History
You have not taken this quiz since the last reset